द्वादशभावसिन्धुः धनभावः सुतभावःसुखभावः सहजभाव / (Record no. 61982)
[ view plain ]
| 000 -LEADER | |
|---|---|
| fixed length control field | 00839nam a22001817a 4500 |
| 005 - DATE AND TIME OF LATEST TRANSACTION | |
| control field | 20120206094340.0 |
| 020 ## - INTERNATIONAL STANDARD BOOK NUMBER | |
| Terms of availability | 195.00 |
| International Standard Book Number | 8187077417 |
| 035 ## - SYSTEM CONTROL NUMBER | |
| System control number | B-158193 |
| 037 ## - SOURCE OF ACQUISITION | |
| Source of stock number/acquisition | |
| Stock number | dpl |
| 082 ## - DEWEY DECIMAL CLASSIFICATION NUMBER | |
| Classification number | 133.5 |
| 100 ## - MAIN ENTRY--PERSONAL NAME | |
| Personal name | श्यामलाल |
| 245 1# - TITLE STATEMENT | |
| Title | द्वादशभावसिन्धुः धनभावः सुतभावःसुखभावः सहजभाव / |
| Statement of responsibility, etc | श्यामलाल |
| 260 ## - PUBLICATION, DISTRIBUTION, ETC. (IMPRINT) | |
| Place of publication, distribution, etc | नई दिल्ली |
| Name of publisher, distributor, etc | अजय बुक सर्विस |
| Date of publication, distribution, etc | 2003 |
| 270 ## - ADDRESS | |
| Address | |
| City | |
| Postal code | |
| Telephone number | |
| 300 ## - PHYSICAL DESCRIPTION | |
| Extent | 425पृ. |
| Dimensions | 22सेमी (अजिल्द) |
| 942 ## - ADDED ENTRY ELEMENTS (KOHA) | |
| Institution code [OBSOLETE] | dpl |
| Item type | Hindi Books |
| Call number prefix | |
| Source of classification or shelving scheme | Dewey Decimal Classification |
| Classification part | 133.5 |
| Call number suffix | श्यामला |
| Withdrawn status | Lost status | Not for loan | Collection code | Home library | Current library | Date acquired | Cost, normal purchase price | Full call number | Barcode | Cost, replacement price | Koha item type |
|---|---|---|---|---|---|---|---|---|---|---|---|
| Non-fiction | Sarojini Nagar | Sarojini Nagar | 06/02/2012 | 195.00 | 133.5 श्यामला | B-158193 | 195.00 | Hindi Books |
